Liedtext - He, du Weihnachtsmann - Frank Schöbel - Statistiken

Allgemein
  • Dieses Quiz wurde 73 mal gespielt
  • Das Durchschnittsergebnis liegt bei 69 aus 146
Antwortstatistiken
Textquiz % Korrekt
Weihnachtsmann
95%
du
90%
He
76%
Ich
75%
ich
75%
das
61%
Ein
61%
ein
61%
mir
58%
'Ne
58%
Die
56%
die
56%
so
56%
Und
56%
und
56%
den
53%
Der
51%
es
51%
kann
51%
weiß
51%
sind
49%
auch
47%
klein
47%
'Nen
47%
sein
46%
wünsche
46%
Wünsche
46%
nicht
44%
Dann
42%
Denn
42%
ist
42%
vom
42%
kleine
41%
meine
41%
mit
39%
kein
36%
kleinen
36%
hin
34%
unser
34%
kleines
32%
man
32%
auf
31%
kriegst
31%
Teddybär
31%
um
31%
dem
29%
machen
29%
Hängebauch-
27%
soll
27%
Augen
25%
bitte
25%
Hängebauchschwein
25%
Haus
25%
her
25%
Maus
25%
drin
24%
Brüderlein
22%
echten
22%
spazieren
22%
Weil
22%
führen
20%
zwinkern
20%
Baby
19%
weiße
19%
tanzen
17%
Zirkusclown
17%
Pauke
15%
Faxen
14%
Storch
14%
trauen
14%
Haun
12%
Schwindler
12%
tolle
12%
Ringsum
8%
Keine übereinstimmenden Quizze gefunden
Verteilung der Resultate
Anzahl Personen mit jedem Resultat
Perzentil nach korrekt beantworteten Fragen
Ihre Resultats-Entwicklung
Sie haben dieses Quiz noch nicht gespielt